Melanie Martinez - Play Date Lyrics - Statistiques

Statistiques générales
  • Ce quiz a été pris 65 fois
  • Le résultat moyen est 219 sur 292
Statistiques - réponses
Hint Réponse % Correct
Bridge | Couplet 1 You
100%
you
100%
a
98%
I
98%
to
98%
Just
95%
just
95%
play
95%
your
93%
don’t
91%
Don’t
91%
me
88%
and
86%
the
86%
When
86%
I’m
84%
no
81%
over
81%
fuck
79%
give
79%
playdate
79%
so
79%
about
77%
alone
77%
away
77%
come
77%
far
77%
home
77%
on
77%
said
77%
nobody’s
74%
tell
74%
with
74%
call
72%
games
72%
guess
72%
Guess
72%
house
72%
It’s
72%
it’s
72%
telephone
72%
wanna
72%
anyways
70%
never
70%
or
70%
playing
70%
want
70%
communicate
67%
hide
67%
seek
67%
there’s
67%
Post-refrain We’re
67%
feel
65%
hard
65%
toys
65%
‘bout
63%
share
63%
some
63%
after
60%
chasing
60%
getting
60%
walking
60%
gave
58%
Whoever
58%
of
56%
tired
56%
what
56%
always
53%
breathe
53%
know
53%
time
51%
sheets
49%
all
47%
care
47%
in
47%
say
47%
around
44%
need
44%
under
44%
board
42%
had
42%
mind
42%
monopoly
42%
that
42%
Bridge Ring
40%
this
40%
wish
40%
didn’t
37%
try
37%
up
37%
you’re
37%
nothing
35%
talk
35%
Couplet 2 Wake
35%
my
33%
Rosie
33%
truth
33%
bedroom
30%
left
30%
let
30%
everyday
28%
If
28%
leave
28%
stay
28%
will
23%
Aucun quiz correspondant
Distribution des résultats
% des personnes avec chaque résultat
Percentile par nombre de réponses
Votre historique - résultats
Vous n’avez pas pris ce quiz